[Event "Madrid-ch Previa-A"]
[Site "Madrid"]
[Date "2020.02.18"]
[Round "8"]
[White "Vazquez Gonzalez, Jesus"]
[Black "Garcia Prados, David"]
[Result "1/2-1/2"]
[WhiteElo "1983"]
[BlackElo "1872"]
[PlyCount "81"]
[EventDate "2020.02.03"]
[EventType "swiss"]
[EventRounds "9"]
[EventCountry "ESP"]
[SourceTitle "EXT 2021"]
[Source "ChessBase"]
[SourceDate "2020.10.23"]
[SourceVersion "1"]
[SourceVersionDate "2020.10.23"]
[SourceQuality "1"]

1. e4 d5 2. exd5 Qxd5 3. Nf3 Nf6 4. d4 Bg4 5. Be2 e6 6. c4 Bb4+ 7. Nbd2 Qa5 8. 0-0 Nbd7 9. a3 Be7 10. b4 Qf5 11. Re1 h5 12. Nf1 Qh7 13. h3 Bf5 14. Ng3 Bc2 15. Qd2 Ne4 16. Qxc2 Nxg3 17. Bd3 Nf5 18. Bxf5 Qxf5 19. Qxf5 exf5 20. Bf4 Rc8 21. Re2 Kf8 22. Rae1 Bf6 23. Bxc7 g5 24. Bd6+ Kg7 25. c5 g4 26. Ne5 Nf8 27. Bxf8+ Rhxf8 28. Nd7 Rfd8 29. Nxf6 Kxf6 30. hxg4 hxg4 31. Re7 Rb8 32. Rc7 Rxd4 33. Ree7 Rd1+ 34. Kh2 Kg5 35. g3 Rh8+ 36. Kg2 Rhh1 37. f4+ gxf3+ 38. Kxf3 Rhf1+ 39. Ke2 Rfe1+ 40. Kf2 Rf1+ 41. Ke2 1/2-1/2

[Event "Madrid-ch Previa-A"]
[Site "Madrid"]
[Date "2020.02.17"]
[Round "7"]
[White "Garcia Prados, David"]
[Black "Camarero Izquierdo, Juan Carlos"]
[Result "1-0"]
[WhiteElo "1872"]
[BlackElo "1828"]
[PlyCount "91"]
[EventDate "2020.02.03"]
[EventType "swiss"]
[EventRounds "9"]
[EventCountry "ESP"]
[SourceTitle "EXT 2021"]
[Source "ChessBase"]
[SourceDate "2020.10.23"]
[SourceVersion "1"]
[SourceVersionDate "2020.10.23"]
[SourceQuality "1"]

1. e4 c5 2. Nf3 d6 3. d4 cxd4 4. Nxd4 Nf6 5. Nc3 a6 6. h3 e6 7. g4 Be7 8. Bg2 0-0 9. Be3 Nc6 10. f4 Nd7 11. 0-0 Nxd4 12. Bxd4 e5 13. Be3 exf4 14. Bxf4 Ne5 15. Nd5 Bg5 16. Bxg5 Qxg5 17. Nc7 Nxg4 18. Nxa8 Ne3 19. Qf3 Nxf1 20. Rxf1 Bxh3 21. Qxh3 Rxa8 22. Qf5 Qe7 23. c4 Re8 24. Qd5 Qc7 25. Rd1 h6 26. b3 Qb6+ 27. Qd4 Qa5 28. Rd2 Re6 29. Qf2 Qg5 30. Rd3 Rxe4 31. Rxd6 Rg4 32. Rd5 Qc1+ 33. Kh2 Rf4 34. Qd2 Rh4+ 35. Kg3 Qxd2 36. Rxd2 g5 37. Bxb7 f5 38. c5 f4+ 39. Kf3 Rh3+ 40. Ke4 a5 41. Bd5+ Kf8 42. c6 Re3+ 43. Kf5 Ke7 44. Bc4 Kf8 45. c7 Re8 46. Rd8 1-0

[Event "Madrid-ch Previa-A"]
[Site "Madrid"]
[Date "2020.02.10"]
[Round "4"]
[White "Ciuro Munoz, Ricardo"]
[Black "Garcia Prados, David"]
[Result "1/2-1/2"]
[WhiteElo "1953"]
[BlackElo "1872"]
[PlyCount "59"]
[EventDate "2020.02.03"]
[EventType "swiss"]
[EventRounds "9"]
[EventCountry "ESP"]
[SourceTitle "EXT 2021"]
[Source "ChessBase"]
[SourceDate "2020.10.23"]
[SourceVersion "1"]
[SourceVersionDate "2020.10.23"]
[SourceQuality "1"]

1. e4 c5 2. Nf3 Nc6 3. d3 g6 4. g3 Bg7 5. Bg2 e6 6. 0-0 Nge7 7. Re1 d6 8. c3 0-0 9. Nbd2 Qc7 10. Qe2 Rb8 11. a4 a6 12. Nf1 b5 13. axb5 axb5 14. h4 b4 15. Bd2 Na5 16. Qd1 Nb3 17. Rb1 Nxd2 18. Qxd2 Nc6 19. h5 Bd7 20. hxg6 hxg6 21. Ne3 bxc3 22. bxc3 Rxb1 23. Rxb1 Rb8 24. Rxb8+ Qxb8 25. Ng4 d5 26. exd5 exd5 27. Qg5 Bxg4 28. Qxg4 Ne5 29. Nxe5 Qxe5 30. Qc8+ 1/2-1/2

[Event "Madrid-ch Previa-A"]
[Site "Madrid"]
[Date "2020.02.04"]
[Round "2"]
[White "Lizon Martinez, Santiago"]
[Black "Garcia Prados, David"]
[Result "0-1"]
[WhiteElo "1738"]
[BlackElo "1872"]
[PlyCount "68"]
[EventDate "2020.02.03"]
[EventType "swiss"]
[EventRounds "9"]
[EventCountry "ESP"]
[SourceTitle "EXT 2021"]
[Source "ChessBase"]
[SourceDate "2020.10.23"]
[SourceVersion "1"]
[SourceVersionDate "2020.10.23"]
[SourceQuality "1"]

1. e4 e5 2. Nf3 Nc6 3. Bb5 a6 4. Ba4 Nf6 5. d3 Bc5 6. 0-0 b5 7. Bb3 d6 8. c3 0-0 9. Bg5 h6 10. Bh4 g5 11. Bg3 Bg4 12. h3 Bh5 13. Nbd2 Ne7 14. Qe1 Ng6 15. d4 exd4 16. cxd4 Bb4 17. Qe3 Kg7 18. e5 Nd7 19. a3 Bxd2 20. Nxd2 f5 21. f4 dxe5 22. dxe5 gxf4 23. Rxf4 Ndxe5 24. Rd4 Qf6 25. Rf1 Rae8 26. Qc3 Qb6 27. Kh1 Kh7 28. Bc2 Nc6 29. Rd7+ Re7 30. Bxc7 Qb7 31. Bxf5 Rxf5 32. Rxe7+ Ngxe7 33. Rxf5 Nxf5 34. Bf4 Ncd4 0-1

[Event "Madrid-ch sf"]
[Site "Madrid"]
[Date "2019.05.12"]
[Round "7"]
[White "Garcia Serrano, Jose Manuel1111"]
[Black "Garcia Prados, David"]
[Result "1-0"]
[WhiteElo "1912"]
[BlackElo "1866"]
[PlyCount "23"]
[EventDate "2019.05.06"]
[EventType "swiss"]
[EventRounds "9"]
[EventCountry "ESP"]
[SourceTitle "CBM 190 Extra"]
[Source "ChessBase"]
[SourceDate "2019.07.15"]
[SourceVersion "1"]
[SourceVersionDate "2019.07.15"]
[SourceQuality "1"]

1. e4 e6 2. d4 d5 3. Nc3 dxe4 4. Nxe4 Nd7 5. Nf3 Ngf6 6. Bg5 Be7 7. Bxf6 Nxf6 8. Bd3 0-0 9. Qe2 b6 10. Nxf6+ Bxf6 11. Qe4 g6 12. Qxa8 1-0

[Event "Madrid-ch Previa-A"]
[Site "Madrid"]
[Date "2019.02.04"]
[Round "1"]
[White "Garcia Prados, David"]
[Black "Villodre Miranda, Juan Alonso"]
[Result "1-0"]
[WhiteElo "1880"]
[BlackElo "1603"]
[PlyCount "75"]
[EventDate "2019.02.04"]
[EventType "swiss"]
[EventRounds "9"]
[EventCountry "ESP"]
[SourceTitle "EXT 2021"]
[Source "ChessBase"]
[SourceDate "2020.10.23"]
[SourceVersion "1"]
[SourceVersionDate "2020.10.23"]
[SourceQuality "1"]

1. e4 c6 2. d4 d5 3. e5 e6 4. Nf3 c5 5. c3 Nc6 6. Be3 cxd4 7. cxd4 h6 8. Nc3 Nge7 9. Rc1 Nf5 10. Bd3 Nxe3 11. fxe3 a6 12. 0-0 Be7 13. Qe2 Bd7 14. Qf2 0-0 15. Bb1 g6 16. Kh1 b5 17. Nd2 Kg7 18. e4 dxe4 19. Ncxe4 f5 20. exf6+ Bxf6 21. Nxf6 Qxf6 22. Qg3 Qg5 23. Qc7 Qe7 24. Rxc6 Rxf1+ 25. Nxf1 Rf8 26. Rc1 Kh7 27. Qe5 Bc6 28. Ng3 Qb7 29. Be4 Rc8 30. Bxc6 Rxc6 31. Rxc6 Qxc6 32. Qc5 Qd7 33. h3 Qf7 34. Qe5 h5 35. Ne4 Qf1+ 36. Kh2 Qc1 37. Ng5+ Kh6 38. Nxe6 1-0

[Event "Madrid-ch Previa-B"]
[Site "Madrid"]
[Date "2018.02.23"]
[Round "8"]
[White "Marquez Leon, Juan Antonio"]
[Black "Garcia Prados, David"]
[Result "1-0"]
[WhiteElo "1740"]
[BlackElo "1919"]
[PlyCount "59"]
[EventDate "2018.02.01"]
[EventType "swiss"]
[EventRounds "9"]
[EventCountry "ESP"]
[SourceTitle "EXT 2020"]
[Source "ChessBase"]
[SourceDate "2019.10.17"]
[SourceVersion "1"]
[SourceVersionDate "2019.10.17"]
[SourceQuality "1"]

1. d4 Nf6 2. Nf3 e6 3. c4 b6 4. g3 Bb7 5. Bg2 Be7 6. Nc3 0-0 7. 0-0 Ne4 8. Qc2 f5 9. Ne5 d6 10. Nxe4 fxe4 11. Bxe4 Bxe4 12. Qxe4 d5 13. Qg4 Rf5 14. e4 h5 15. Qe2 dxe4 16. Qxe4 c6 17. Nxc6 Nxc6 18. Qxe6+ Rf7 19. Qxc6 Rc8 20. Qe6 Kf8 21. b3 Rf6 22. Qe5 Rcc6 23. d5 Rc7 24. Qxh5 Kg8 25. Bg5 Rf7 26. Bxe7 Rcxe7 27. Rae1 Rc7 28. Re6 b5 29. Rfe1 Rce7 30. Qg5 1-0

[Event "San Sebastian de los Reyes op 19th"]
[Site "San Sebastian"]
[Date "2017.12.10"]
[Round "9"]
[White "Rodriguez Garcia, Alberto"]
[Black "Garcia Prados, David"]
[Result "1-0"]
[WhiteElo "1727"]
[BlackElo "1953"]
[PlyCount "109"]
[EventDate "2017.12.02"]
[EventType "swiss"]
[EventRounds "9"]
[EventCountry "ESP"]
[SourceTitle "CBM 182 Extra"]
[Source "ChessBase"]
[SourceDate "2018.02.23"]
[SourceVersion "1"]
[SourceVersionDate "2018.02.23"]
[SourceQuality "1"]

1. d4 Nf6 2. c4 e6 3. Nc3 b6 4. e4 Bb7 5. Bd3 Bb4 6. f3 Bxc3+ 7. bxc3 d6 8. Ne2 Nbd7 9. 0-0 h6 10. Ng3 Qe7 11. a4 a5 12. Ba3 c5 13. Qe2 e5 14. d5 0-0-0 15. Rab1 h5 16. Bc1 Kb8 17. Nf5 Qf8 18. Bg5 Ka7 19. f4 Rb8 20. fxe5 Nxe5 21. Nxg7 Nfg4 22. Nf5 f6 23. Bh4 Ba6 24. Bg3 Rb7 25. h3 h4 26. Bxh4 Nxd3 27. Qxg4 Bxc4 28. Qg3 Ne5 29. Rf2 Bd3 30. Re1 Rbh7 31. Rf4 Ba6 32. Ne3 Nd3 33. Rxf6 Qb8 34. Ref1 Rxh4 35. Rf7+ Ka8 36. R1f6 Rxe4 37. Qg7 Rhe8 38. Nf5 Ne5 39. Rf8 Nc4 40. R8f7 Bc8 41. Rc7 Bxf5 42. Rff7 Re1+ 43. Kh2 R1e7 44. Rcxe7 Rxe7 45. Rxe7 Ne5 46. h4 Be4 47. h5 Qc8 48. h6 Ng4+ 49. Kg1 Nxh6 50. Rxe4 Nf5 51. Qf7 Nh6 52. Qe8 Qxe8 53. Rxe8+ Kb7 54. Re6 Nf5 55. g4 1-0

[Event "San Sebastian de los Reyes op 19th"]
[Site "San Sebastian"]
[Date "2017.12.09"]
[Round "8"]
[White "Garcia Prados, David"]
[Black "Martinez Miura, Enrique"]
[Result "1-0"]
[WhiteElo "1953"]
[BlackElo "1643"]
[PlyCount "81"]
[EventDate "2017.12.02"]
[EventType "swiss"]
[EventRounds "9"]
[EventCountry "ESP"]
[SourceTitle "CBM 182 Extra"]
[Source "ChessBase"]
[SourceDate "2018.02.23"]
[SourceVersion "1"]
[SourceVersionDate "2018.02.23"]
[SourceQuality "1"]

1. e4 e6 2. d4 d5 3. e5 c5 4. c3 cxd4 5. cxd4 Bb4+ 6. Bd2 Bxd2+ 7. Nxd2 Ne7 8. Ngf3 Nbc6 9. Bd3 Bd7 10. 0-0 h6 11. Rc1 Nb4 12. Bb1 Bb5 13. Re1 Nd3 14. Bxd3 Bxd3 15. Nb3 Bb5 16. Rc5 Bc6 17. Qc2 0-0 18. Rc1 a5 19. Qd2 a4 20. Na5 Qd7 21. Nxc6 Nxc6 22. h3 Rfc8 23. Ne1 Kh7 24. Kh1 Kg8 25. f4 Ne7 26. Nd3 b6 27. R5c3 Nf5 28. Qf2 Rxc3 29. bxc3 Rc8 30. g4 Ne7 31. Qb2 Rb8 32. Qb4 Qa7 33. Qb5 Rc8 34. Nb2 a3 35. Na4 Rc6 36. f5 exf5 37. gxf5 Rc4 38. Nxb6 Qb7 39. Qe8+ Kh7 40. Qxf7 Rc7 41. Rg1 1-0

[Event "San Sebastian de los Reyes op 19th"]
[Site "San Sebastian"]
[Date "2017.12.06"]
[Round "5"]
[White "Nuevo Benitez, Miguel Angel"]
[Black "Garcia Prados, David"]
[Result "1/2-1/2"]
[WhiteElo "1571"]
[BlackElo "1953"]
[PlyCount "160"]
[EventDate "2017.12.02"]
[EventType "swiss"]
[EventRounds "9"]
[EventCountry "ESP"]
[SourceTitle "CBM 182 Extra"]
[Source "ChessBase"]
[SourceDate "2018.02.23"]
[SourceVersion "1"]
[SourceVersionDate "2018.02.23"]
[SourceQuality "1"]

1. f4 d5 2. Nf3 Nf6 3. e3 c6 4. c4 e6 5. a3 Nbd7 6. Nc3 Bd6 7. d4 0-0 8. c5 Be7 9. Bd3 Ne8 10. 0-0 f5 11. Kh1 b6 12. cxb6 axb6 13. Ne5 Nxe5 14. fxe5 Ba6 15. Bxa6 Rxa6 16. Ne2 g5 17. Rf3 h5 18. Qf1 Ra8 19. g3 Ng7 20. Bd2 Kh7 21. Qg2 Rc8 22. Rg1 g4 23. Rf2 Bg5 24. h3 Kg6 25. Rgf1 Rh8 26. Kg1 Rh7 27. Nf4+ Bxf4 28. Rxf4 gxh3 29. Qxh3 Kf7 30. e4 dxe4 31. Rxe4 Ke8 32. Ref4 Kd7 33. g4 Qg8 34. g5 Qf7 35. Qb3 Kc7 36. Qg3 Qg6 37. Rc1 Kb7 38. b4 Ne8 39. Qg2 Rhc7 40. b5 Qf7 41. Rf2 Qd7 42. Bb4 Ka7 43. Rd2 cxb5 44. Rxc7+ Nxc7 45. g6 Rg8 46. Qg5 Nd5 47. Bd6 Qc8 48. Qxh5 Qc1+ 49. Rd1 Rxg6+ 50. Qxg6 Qxd1+ 51. Kh2 Qd2+ 52. Kh1 Qe1+ 53. Qg1 Qh4+ 54. Qh2 Qe4+ 55. Qg2 Qh4+ 56. Qh2 Qxh2+ 57. Kxh2 Kb7 58. Kg3 Kc6 59. Kf3 Nc3 60. Ke3 Ne4 61. Bb4 Kd5 62. Be1 Ng5 63. Bh4 Nh3 64. Kf3 Kxd4 65. Kg3 Kxe5 66. Kxh3 Kf4 67. Kg2 e5 68. Kf2 e4 69. Bg3+ Kg4 70. Bc7 f4 71. Bxb6 Kf5 72. Bd4 Ke6 73. Ke2 Kd5 74. Bc3 Kc4 75. Bb4 Kd4 76. Bd6 f3+ 77. Kf2 Kd3 78. Bc5 Kc4 79. Be3 b4 80. axb4 Kxb4 1/2-1/2

[Event "San Sebastian de los Reyes op 19th"]
[Site "San Sebastian"]
[Date "2017.12.05"]
[Round "4"]
[White "Garcia Prados, David"]
[Black "Perez Gonzalez, Jose Manuel"]
[Result "0-1"]
[WhiteElo "1953"]
[BlackElo "2226"]
[PlyCount "68"]
[EventDate "2017.12.02"]
[EventType "swiss"]
[EventRounds "9"]
[EventCountry "ESP"]
[SourceTitle "CBM 182 Extra"]
[Source "ChessBase"]
[SourceDate "2018.02.23"]
[SourceVersion "1"]
[SourceVersionDate "2018.02.23"]
[SourceQuality "1"]

1. e4 c5 2. Nf3 Nc6 3. d4 cxd4 4. Nxd4 g6 5. Nc3 Bg7 6. Be3 Nf6 7. Bc4 0-0 8. 0-0 Nxe4 9. Bxf7+ Rxf7 10. Nxe4 Qa5 11. c3 Qd5 12. Ng5 Rf8 13. Qb3 Qxb3 14. Nxb3 d6 15. Nf3 Bd7 16. Nbd4 Nxd4 17. Nxd4 b5 18. Bg5 Kf7 19. Rfe1 Rfe8 20. Re3 b4 21. Rae1 e6 22. Rf3+ Kg8 23. Bf6 Bxf6 24. Rxf6 bxc3 25. bxc3 Rab8 26. Nb3 Rf8 27. Rxf8+ Kxf8 28. f3 Ke7 29. Kf2 e5 30. Ke3 Be6 31. Ra1 a6 32. Kd3 Bf5+ 33. Kc4 Rb5 34. Rd1 d5+ 0-1

[Event "San Sebastian de los Reyes op 19th"]
[Site "San Sebastian"]
[Date "2017.12.03"]
[Round "2"]
[White "Garcia Prados, David"]
[Black "Martin Duque, Jesus"]
[Result "0-1"]
[WhiteElo "1953"]
[BlackElo "2376"]
[PlyCount "92"]
[EventDate "2017.12.02"]
[EventType "swiss"]
[EventRounds "9"]
[EventCountry "ESP"]
[SourceTitle "CBM 182 Extra"]
[Source "ChessBase"]
[SourceDate "2018.02.23"]
[SourceVersion "1"]
[SourceVersionDate "2018.02.23"]
[SourceQuality "1"]

1. e4 e6 2. d3 d5 3. Nd2 Nf6 4. Ngf3 Be7 5. g3 c5 6. Bg2 Nc6 7. 0-0 0-0 8. Re1 b5 9. a4 b4 10. b3 a5 11. Bb2 Ba6 12. h4 Rc8 13. Bh3 Rc7 14. e5 Nd7 15. Qe2 Nb6 16. Rad1 Qc8 17. Rc1 c4 18. dxc4 dxc4 19. Nxc4 Bxc4 20. bxc4 Nxa4 21. Ba1 Nc3 22. Qe3 h6 23. Bf1 Na4 24. Rcd1 Rd8 25. Be2 Rcd7 26. Rxd7 Rxd7 27. Qe4 Nc5 28. Qe3 Qd8 29. g4 a4 30. g5 h5 31. g6 fxg6 32. Kh2 b3 33. cxb3 axb3 34. Rg1 Kh7 35. Ng5+ Bxg5 36. Rxg5 Nd4 37. Bd3 Nxd3 38. Qxd3 Nf5 39. Qxb3 Nxh4 40. Rg3 Nf5 41. Rh3 Rd1 42. Bc3 Rd3 43. Rxd3 Qxd3 44. c5 Qf3 45. Kg1 Nd4 46. Qc4 Qxc3 0-1

[Event "Madrid-ch Previa-B"]
[Site "Madrid"]
[Date "2017.02.17"]
[Round "6"]
[White "Garcia Prados, David"]
[Black "Cuellar Gutierrez, Raul"]
[Result "1-0"]
[WhiteElo "1928"]
[BlackElo "1835"]
[PlyCount "89"]
[EventDate "2017.02.02"]
[EventType "swiss"]
[EventRounds "9"]
[EventCountry "ESP"]
[SourceTitle "EXT 2018"]
[Source "ChessBase"]
[SourceDate "2017.10.13"]
[SourceVersion "1"]
[SourceVersionDate "2017.10.13"]
[SourceQuality "1"]

1. e4 e6 2. d4 d5 3. e5 c5 4. c3 Qb6 5. Nf3 Nc6 6. a3 c4 7. g3 Bd7 8. Bg2 Nge7 9. 0-0 Na5 10. Nbd2 h6 11. Re1 g5 12. Nf1 Ng6 13. Ne3 Nb3 14. Rb1 Be7 15. Bd2 h5 16. h3 0-0-0 17. Qe2 Rdg8 18. Nh2 Kb8 19. Nef1 Qd8 20. Bf3 h4 21. Bg4 hxg3 22. fxg3 Nf8 23. Be3 f5 24. exf6 Bxf6 25. Nf3 Ng6 26. Bf2 e5 27. Nxe5 Bxg4 28. Qxg4 Rg7 29. Re2 Bxe5 30. dxe5 Rgh7 31. Kg2 Rxh3 32. Qxh3 Rxh3 33. Kxh3 Qh8+ 34. Kg2 g4 35. e6 Ne5 36. Rxe5 Qxe5 37. Re1 Qh5 38. Be3 Kc8 39. e7 Kd7 40. Bf4 Ke8 41. Re5 Qh7 42. Bg5 Qc2+ 43. Kg1 Na5 44. Rxd5 Nc6 45. Rd8+ 1-0

[Event "Madrid-ch Previa-B"]
[Site "Madrid"]
[Date "2017.02.10"]
[Round "4"]
[White "Garcia Prados, David"]
[Black "Ocana Lameiro, Oliver"]
[Result "1-0"]
[WhiteElo "1928"]
[BlackElo "1982"]
[PlyCount "81"]
[EventDate "2017.02.02"]
[EventType "swiss"]
[EventRounds "9"]
[EventCountry "ESP"]
[SourceTitle "EXT 2018"]
[Source "ChessBase"]
[SourceDate "2017.10.13"]
[SourceVersion "1"]
[SourceVersionDate "2017.10.13"]
[SourceQuality "1"]

1. e4 c6 2. d3 d5 3. Nd2 g6 4. Ngf3 Bg7 5. c3 e5 6. g3 Ne7 7. Bg2 dxe4 8. dxe4 0-0 9. 0-0 b6 10. Nc4 Ba6 11. Qb3 Qc7 12. Rd1 Nd7 13. Be3 Nc5 14. Bxc5 bxc5 15. Ne3 Rad8 16. Rxd8 Rxd8 17. Rd1 h6 18. Bf1 Rxd1 19. Qxd1 Bxf1 20. Kxf1 Nc8 21. Nc4 Nb6 22. Nfd2 Qd7 23. Qf3 Qh3+ 24. Kg1 Qe6 25. Qd3 Bf8 26. b3 f6 27. Kg2 Kf7 28. Nxb6 axb6 29. Qa6 b5 30. a4 Qd7 31. Nf3 Bd6 32. a5 Ke7 33. Nh4 Kf7 34. Qa8 b4 35. c4 g5 36. Nf5 Bf8 37. a6 Qd3 38. Qb7+ Kg6 39. Qxc6 g4 40. Nh4+ Kg5 41. a7 1-0

[Event "Madrid-ch Previa-B"]
[Site "Madrid"]
[Date "2017.02.03"]
[Round "2"]
[White "Garcia Prados, David"]
[Black "Leniz Martinez, Francisco"]
[Result "1-0"]
[WhiteElo "1928"]
[BlackElo "1721"]
[PlyCount "105"]
[EventDate "2017.02.02"]
[EventType "swiss"]
[EventRounds "9"]
[EventCountry "ESP"]
[SourceTitle "EXT 2018"]
[Source "ChessBase"]
[SourceDate "2017.10.13"]
[SourceVersion "1"]
[SourceVersionDate "2017.10.13"]
[SourceQuality "1"]

1. e4 c5 2. Nf3 e6 3. d3 d6 4. g3 Be7 5. Bg2 Nf6 6. 0-0 0-0 7. c3 Nc6 8. Nbd2 Bd7 9. Re1 Qc7 10. Nf1 Rab8 11. Bf4 e5 12. Bd2 Rfe8 13. Nh4 Qc8 14. Ne3 g6 15. Nd5 Nxd5 16. exd5 Nd8 17. c4 Bf8 18. f4 Bg7 19. Qc2 b5 20. b3 a6 21. Rab1 Nb7 22. fxe5 Bxe5 23. Nf3 Bg7 24. Rxe8+ Qxe8 25. Re1 Qf8 26. Bc3 Re8 27. Rf1 h6 28. Bxg7 Qxg7 29. Qf2 Qf6 30. h3 Re7 31. Kh2 Re8 32. Qd2 Qg7 33. Qf4 Bf5 34. Qd2 Bd7 35. Rf2 h5 36. Qf4 Bf5 37. Ng5 Re7 38. Be4 Bxe4 39. Nxe4 Qe5 40. Qh6 Qg7 41. Nf6+ Kf8 42. Qf4 Qh8 43. Kg2 Qg7 44. Kf1 Qh8 45. Rh2 Kg7 46. g4 Re5 47. Nd7 Re8 48. g5 Rd8 49. Nf6 Qf8 50. Re2 Kh8 51. Qd2 Qg7 52. Re7 Rb8 53. Qe3 1-0

[Event "Madrid Codes op 6th"]
[Site "Madrid"]
[Date "2012.05.13"]
[Round "5.3"]
[White "Garcia Prados, David"]
[Black "Rodriguez Vignote, Javier"]
[Result "1/2-1/2"]
[WhiteElo "2070"]
[BlackElo "1923"]
[PlyCount "46"]
[EventDate "2012.04.15"]
[EventType "swiss"]
[EventRounds "9"]
[EventCountry "ESP"]
[SourceTitle "EXT 2024"]
[Source "ChessBase"]
[SourceDate "2023.10.10"]
[SourceVersion "1"]
[SourceVersionDate "2023.10.10"]
[SourceQuality "1"]

1. e4 e6 2. d4 d5 3. e5 c5 4. c3 Nc6 5. Nf3 Qb6 6. Be2 Nh6 7. 0-0 cxd4 8. cxd4 Nf5 9. Nc3 Nfxd4 10. Nxd4 Qxd4 11. Bd2 Qxe5 12. Re1 Be7 13. g3 0-0 14. Bd3 Qf6 15. h4 g6 16. Nb5 a6 17. Nc7 Bc5 18. Nxa8 Qxf2+ 19. Kh1 Qxg3 20. Qe2 Bf2 21. Qf1 Qxh4+ 22. Kg2 Qg3+ 23. Kh1 Qh4+ 1/2-1/2

[Event "Madrid-ch sf-A"]
[Site "Madrid"]
[Date "2012.04.25"]
[Round "9"]
[White "Garcia Prados, David"]
[Black "Gonzalez Mateos, Rafael"]
[Result "0-1"]
[WhiteElo "2070"]
[BlackElo "2157"]
[PlyCount "62"]
[EventDate "2012.04.10"]
[EventType "swiss"]
[EventRounds "9"]
[EventCountry "ESP"]
[SourceTitle "CBM 148 Extra"]
[Source "ChessBase"]
[SourceDate "2012.06.22"]
[SourceVersion "1"]
[SourceVersionDate "2012.06.22"]
[SourceQuality "1"]

1. e4 e6 2. d4 d5 3. e5 c5 4. c3 Qb6 5. a3 Nc6 6. Nf3 c4 7. Be2 f6 8. 0-0 fxe5 9. dxe5 Nge7 10. Nbd2 Ng6 11. b4 cxb3 12. Nxb3 Be7 13. Be3 Qc7 14. Re1 0-0 15. Bd4 Ngxe5 16. Nxe5 Nxe5 17. Qc2 Bd6 18. h3 Bd7 19. Bf1 Nc4 20. Bd3 h6 21. Bh7+ Kh8 22. Bxg7+ Kxg7 23. Qg6+ Kh8 24. Qxh6 Bf4 25. Qh5 Kg7 26. Bg6 Bh6 27. g4 Qf4 28. h4 Rf6 29. g5 Rxg6 30. Nc5 Bxg5 31. Rxe6 Bxe6 0-1

[Event "Madrid-ch sf-A"]
[Site "Madrid"]
[Date "2012.04.24"]
[Round "8"]
[White "De la Horra del Barco, Ricardo"]
[Black "Garcia Prados, David"]
[Result "0-1"]
[WhiteElo "2055"]
[BlackElo "2070"]
[PlyCount "88"]
[EventDate "2012.04.10"]
[EventType "swiss"]
[EventRounds "9"]
[EventCountry "ESP"]
[SourceTitle "CBM 148 Extra"]
[Source "ChessBase"]
[SourceDate "2012.06.22"]
[SourceVersion "1"]
[SourceVersionDate "2012.06.22"]
[SourceQuality "1"]

1. c4 Nf6 2. Nf3 e6 3. d4 b6 4. g3 Bb7 5. Bg2 Bb4+ 6. Nbd2 0-0 7. 0-0 Bxd2 8. Bxd2 d6 9. Bf4 h6 10. Qb3 Nbd7 11. Rfd1 Rb8 12. Rac1 Qe7 13. Qa3 g5 14. Be3 a6 15. h4 Ne4 16. hxg5 hxg5 17. Nd2 Nxd2 18. Bxd2 a5 19. Bxb7 Rxb7 20. Qf3 Rbb8 21. Qg4 f6 22. Kg2 Kg7 23. Rh1 Rh8 24. f4 f5 25. Qxg5+ Qxg5 26. fxg5 Rxh1 27. Rxh1 Rh8 28. Rh6 Rxh6 29. gxh6+ Kg6 30. Bg5 a4 31. Kf3 c6 32. e4 fxe4+ 33. Kxe4 Kxg5 34. c5 bxc5 35. dxc5 d5+ 36. Kd4 Kxh6 37. Kc3 Nxc5 38. Kb4 Nd3+ 39. Kxa4 Nxb2+ 40. Kb4 Nd3+ 41. Kc3 Nc5 42. Kd4 Nd7 43. a4 c5+ 44. Ke3 Nb6 0-1

[Event "Madrid-ch sf-A"]
[Site "Madrid"]
[Date "2012.04.23"]
[Round "7"]
[White "Garcia Prados, David"]
[Black "Lorenzo Bailador, Alfredo"]
[Result "1-0"]
[WhiteElo "2070"]
[BlackElo "2005"]
[PlyCount "109"]
[EventDate "2012.04.10"]
[EventType "swiss"]
[EventRounds "9"]
[EventCountry "ESP"]
[SourceTitle "CBM 148 Extra"]
[Source "ChessBase"]
[SourceDate "2012.06.22"]
[SourceVersion "1"]
[SourceVersionDate "2012.06.22"]
[SourceQuality "1"]

1. e4 e5 2. Nf3 Nc6 3. Bb5 a6 4. Ba4 Nf6 5. 0-0 Nxe4 6. d4 b5 7. Bb3 d5 8. dxe5 Be6 9. c3 Bc5 10. Bf4 Ne7 11. h3 Ng6 12. Bh2 c6 13. Nbd2 Nxd2 14. Qxd2 Nh4 15. Nd4 Bxd4 16. Qxd4 0-0 17. Qe3 Nf5 18. Qf4 f6 19. Rae1 Qd7 20. g4 Nh4 21. Qg3 Ng6 22. f4 f5 23. g5 Rfd8 24. Rd1 Nf8 25. Kh1 Qb7 26. Bg1 Bf7 27. Bc2 g6 28. Be3 Ne6 29. Kh2 Rd7 30. Qf2 Rad8 31. Rd2 Ng7 32. Bd1 Be6 33. Bc5 Ra8 34. a3 Rdd8 35. h4 Bf7 36. Re1 Re8 37. Re3 Qc8 38. Rh3 Re6 39. Bf3 Qe8 40. b3 Rc8 41. c4 dxc4 42. bxc4 Rd8 43. Bd6 Rc8 44. Qb6 Qd7 45. Qxa6 bxc4 46. Be2 Ree8 47. Bxc4 Ne6 48. Bxe6 Bxe6 49. h5 Bd5 50. hxg6 hxg6 51. Kg3 Kg7 52. Rb2 Ra8 53. Rb7 Rxa6 54. Rxd7+ Kg8 55. Rhh7 1-0

[Event "Madrid-ch sf-A"]
[Site "Madrid"]
[Date "2012.04.18"]
[Round "6"]
[White "Elissalt Cardenas, Hector"]
[Black "Garcia Prados, David"]
[Result "1-0"]
[WhiteElo "2366"]
[BlackElo "2070"]
[PlyCount "161"]
[EventDate "2012.04.10"]
[EventType "swiss"]
[EventRounds "9"]
[EventCountry "ESP"]
[SourceTitle "CBM 148 Extra"]
[Source "ChessBase"]
[SourceDate "2012.06.22"]
[SourceVersion "1"]
[SourceVersionDate "2012.06.22"]
[SourceQuality "1"]

1. c4 Nf6 2. Nc3 b6 3. e4 e5 4. g3 Bb7 5. Bg2 c5 6. d3 Nc6 7. Nge2 Be7 8. h3 d6 9. Be3 Nd4 10. Qd2 a6 11. 0-0 b5 12. b3 b4 13. Nd1 a5 14. Nb2 Nd7 15. f4 Nb6 16. Bxd4 exd4 17. a4 Qc7 18. Nd1 0-0-0 19. Nf2 Rde8 20. Kh2 g6 21. Ng1 Bf6 22. Rae1 Nd7 23. Nf3 Re7 24. Re2 Rhe8 25. h4 Bg7 26. Rfe1 h6 27. Bh3 Kb8 28. h5 Nf8 29. hxg6 fxg6 30. Kg2 Bc8 31. Bxc8 Kxc8 32. Rh1 Qd7 33. Qe1 Nh7 34. Qg1 g5 35. f5 Nf6 36. g4 Qc7 37. Kf1 Rf7 38. Qg3 Nd7 39. Rh5 Ne5 40. Nxe5 dxe5 41. Nh3 Qe7 42. Ng1 Qf6 43. Nf3 Rd7 44. Reh2 Rd6 45. Ke2 Re7 46. Qg2 Kb8 47. Qh1 Re8 48. Nd2 Rf8 49. Nf1 Rb6 50. Ng3 Rd6 51. R5h3 Rh8 52. Nh5 Qf8 53. f6 Bxf6 54. Rf3 Qd8 55. Rhf2 Be7 56. Rf7 Rf8 57. Rxf8 Bxf8 58. Qf3 Be7 59. Qf7 Qd7 60. Rf5 Kc7 61. Kf3 Qe6 62. Qg7 Rd7 63. Qxe5+ Qxe5 64. Rxe5 Bd6 65. Re6 Rf7+ 66. Ke2 Bh2 67. Ra6 Kb7 68. Rxh6 Bg1 69. Nf6 Be3 70. e5 Bf4 71. e6 Rg7 72. Kf3 Bc7 73. Ke4 Bd8 74. Rh7 Rxh7 75. Nxh7 Kc6 76. Kf5 Kd6 77. Nxg5 Bxg5 78. Kxg5 Kxe6 79. Kf4 Kf6 80. Ke4 Kg5 81. Kd5 1-0